El Impuesto territorial en Costa Rica /

Պահպանված է:
Մատենագիտական մանրամասներ
Հիմնական հեղինակ: González Avila, Celina
Ձևաչափ: Թեզիս
Հրապարակվել է: San José: Universidad de Costa Rica
Ցուցիչներ: Ավելացրեք ցուցիչ
Չկան պիտակներ, Եղեք առաջինը, ով նշում է այս գրառումը!

MARC

LEADER 00000 a a2200000 04500
001 20406
003
040
090 |a 08531.00  
100 |a González Avila, Celina  
245 |a El Impuesto territorial en Costa Rica /  |c Celina González Avila 
260 |a San José:   |b Universidad de Costa Rica  
300 |a 195 páginas  
502 |a Tesis (Licenciada en Derecho) -- Universidad de Costa Rica. Facultad de Derecho, 1977  
999 |c 18135  |d 18135